000 00858nam a2200265 4500
003 OSt
005 20260601171000.0
008 260420b2000\\\\sp\\||||\||||\00|\0\spa\d
020 _a9707010487
040 _aICI
_bspa
_cICI
050 4 _aHC135
_bB84
100 1 _aBueno, Carmen,
_931222
245 1 _aGlobalizacion :
_buna cuestion antropologica /
_cCarmen Bueno Castellanos, coordinadora
264 _bCIESAS :
_bM. A. Porrúa,
_c2000
_aMéxico, D.F. :
300 _a241 páginas
336 _atexto
_2rdacontent
337 _asin medio
_2rdamedia
338 _avolumen
_2rdacarrier
650 4 _aIntegración económica internacional
650 4 _aGlobalización
650 4 _aDesarrollo económico
_914795
651 4 _aMéxico |
_xCondiciones económicas
_y1994-
_931225
651 4 _aMéxico
_xRelaciones exteriores
_y1988-
_931226
942 _2lcc
_cB
999 _c20018
_d20018